Estatutos del consejo de ayuda mutua económica

Gorde:
Xehetasun bibliografikoak
Erakunde egilea: Consejo de Ayuda Mutua Económica
Formatua: Texto
Argitaratua: Moscu: Consejo de Ayuda Mutua Económica
Etiketak: Etiketa erantsi
Etiketarik gabe, Izan zaitez lehena erregistro honi etiketa jartzen!

MARC

LEADER 00000 a a2200000 04500
001 24506
003
040
090 |a 172200  
110 |a Consejo de Ayuda Mutua Económica  
245 |a Estatutos del consejo de ayuda mutua económica  
260 |a Moscu:   |b Consejo de Ayuda Mutua Económica  
300 |a 24 p  
999 |c 11851  |d 11851